| 000 | 01442cam a22003857a 4500 | ||
|---|---|---|---|
| 003 | CHAP | ||
| 005 | 20220329142354.0 | ||
| 008 | 001010d2000 mx o r 00110 spa d | ||
| 010 | _a82520 | ||
| 011 | _a83492 | ||
| 035 | _a94005 | ||
| 040 | _cCHAP | ||
| 090 | _aTesis | ||
| 100 | 0 | 0 |
_aCruz Morales, Omar. _929518 |
| 245 | 1 | 0 |
_aDeterminación de sustancias fenólicas e identificación de insectos polinizantes en el cultivo de papaya (Carica papaya L.) _c/por Omar Cruz Morales y Orlando López Gómez. |
| 260 |
_aChapingo, Méx. : _bEl autor, _c2000. |
||
| 300 |
_a76 h. : _bfots., cuads., gráfs. |
||
| 502 | _aTesis (Ing. Agr. Esp. en Fitotecnia y Parasitología A.) -- UACH. Departamento de Fitotecnia y Parasitología. | ||
| 590 |
_aALEPH _b10 _c20130110 _lUCH01 _h1438 |
||
| 590 |
_aBATCH-UPD _b10 _c20130110 _lUCH01 _h0500 |
||
| 590 |
_aBATCH-UPD _b10 _c20130110 _lUCH01 _h2226 |
||
| 590 |
_aBATCH-UPD _b10 _c20130410 _lUCH01 _h0138 |
||
| 590 |
_aBATCH-UPD _b10 _c20130410 _lUCH01 _h1610 |
||
| 590 |
_aBATCH-UPD _b10 _c20130914 _lUCH01 _h1106 |
||
| 590 |
_aCONVERSION _b10 _c20130109 _lUCH01 _h1346 |
||
| 650 | 1 | 4 |
_aFruta _xFloración. _943619 |
| 650 | 1 | 4 |
_aPapaya _xPolen. _985352 |
| 650 | 1 | 4 |
_aPolinización. _990237 |
| 700 | 0 |
_aLópez Gómez, Orlando. _967943 |
|
| 901 | _aBK | ||
| 905 | _aEdna Luz | ||
| 942 | _cFOLL | ||
| 949 |
_bBC _cTES _d33724000806451 _eTS2 _fc.2 _h37201 _i94005 _sb |
||
| 949 |
_bBC _cTES _d94005 _eTS1 _h37183 _i94005 _sb |
||
| 999 |
_c82520 _d82520 |
||